| 000 | 01235nam a22002775a 4500 | ||
|---|---|---|---|
| 003 | OSt | ||
| 005 | 20170322122315.0 | ||
| 008 | 170313s2013 ua frb 000 0 ara d | ||
| 015 | _a2013 / 19988 | ||
| 040 |
_aEG-ScBUE _bara _cEG-ScBUE |
||
| 082 | 0 | 4 |
_222 _bس ل ا _a342.066 |
| 100 | 1 | _aسلامة، أحمد عبد الكريم. | |
| 245 | 1 | 2 |
_aالنظرية العامة للنظم الودية لتسوية المنازعات : _bالمفاوضات - الوساطة - التوفيق - الصلح بديلا عن المعترك القضائي / _cتأليف أحمد عبد الكريم سلامة. |
| 250 | _aط. 1. | ||
| 260 |
_aالقاهرة : _bدار النهضة العربية، _c2013. |
||
| 300 |
_a578 ص. ؛ _c24 سم. |
||
| 504 | _aيشتمل على إرجاعات ببليوجرافية. | ||
| 650 | 7 |
_2BUEsh _aالمنازعات الدولية _xقوانين وتشريعات. |
|
| 650 | 7 |
_2BUEsh _aالتسوية السلمية للمنازعات الدولية. |
|
| 650 | 7 |
_2BUEsh _aالمفاوضات (قانون دولي) |
|
| 650 | 7 |
_2BUEsh _aالوساطة (قانون دولي) |
|
| 650 | 7 |
_2BUEsh _aالصلح (قانون دولي) |
|
| 651 | _2BUEsh | ||
| 653 |
_bLLAAWW _cMarch2017 |
||
| 942 | _2ddc | ||
| 999 |
_c24508 _d24480 |
||